[Event "3rd Shenzhen Longgong Masters Dute Cup"]
[Site "Shenzhen"]
[Date "2019.04.27"]
[Round "10.3"]
[White "Giri, Anish"]
[Black "Jakovenko, Dmitry"]
[Result "1-0"]
[WhiteElo "2797"]
[BlackElo "2719"]
[Annotator "TA"]
[PlyCount "193"]
[EventDate "2019.04.17"]
[EventType "tourn"]
[EventCountry "CHN"]
[SourceTitle "playchess.com"]
[Source "ChessBase"]
[SourceQuality "1"]

{[%evp 18,193,13,2,20,9,19,3,9,1,0,0,17,12,16,18,21,25,24,20,15,18,42,40,39,33,55,50,70,64,81,81,84,82,77,73,111,108,107,100,116,116,125,104,105,96,85,85,96,93,92,97,104,107,105,116,123,116,149,141,141,150,141,120,123,0,142,112,112,114,113,104,142,95,126,110,112,121,118,0,112,0,121,121,115,111,107,81,83,81,79,78,108,108,108,106,110,110,120,119,117,117,117,117,117,117,118,119,163,152,161,156,156,155,146,143,146,152,179,158,208,0,119,0,150,150,141,143,134,150,183,175,154,142,149,147,154,151,140,139,137,113,137,81,172,172,329,338,378,374,359,368,470,466,451,442,508,511,675,701,645,617,657,601,568,577,955,1428,1174,1027,29978,29979,29979,29980,29978,29979,29985,29986]} 1. c4 Nf6 2. g3 e6 3. Bg2 d5 4. Nf3 Be7 5. d4 O-O 6. Nc3 dxc4 7. Ne5 c5 8. dxc5 Qxd1+ 9. Nxd1 Bxc5 10. O-O Nc6 {E06: Closed Catalan: Early deviations} 11. Bxc6 bxc6 12. Be3 Bb6 {The position is equal.} 13. Bxb6 $146 ({Predecessor:} 13. Nxc4 Ba6 14. Rc1 Nd5 15. Re1 Rfd8 16. b3 Rac8 17. Bd2 c5 18. Ndb2 {½-½ (75) Malakhov,V (2693)-Leko,P (2709) Germany 2016}) 13... axb6 14. Nc3 Bd7 15. Rfd1 Rfd8 16. Nxc4 b5 17. Ne5 Be8 18. Rxd8 Rxd8 19. Nd3 Kf8 20. a4 bxa4 21. Rxa4 Nd7 22. Ra7 Rc8 23. Ne4 c5 24. Nd6 Rb8 25. Rc7 Ke7 26. Nb7 Kf6 27. b3 g5 28. f3 h6 29. Kf2 Ra8 30. Nd6 Ke7 31. Rc8 Rxc8 32. Nxc8+ $16 {[%mdl 4096] Endgame KBN-KNN} Kd8 33. Nd6 Ke7 34. Nb7 Nb6 35. Nbxc5 f6 36. f4 gxf4 37. gxf4 f5 38. Ke3 Bh5 39. Nb4 Kd6 40. Nb7+ Kc7 41. Nc5 Kd6 42. Ncd3 Nd7 43. h3 Nf6 44. Ne5 Ne4 45. Na2 Kd5 46. Nc4 Kc5 47. Nb2 Kd6 48. Nc4+ Kc5 49. Nb2 Kd6 $1 50. Nd3 Kd5 51. Ne5 Kc5 52. Nc1 Nc3 53. Ned3+ Kd5 54. Nf2 Kc5 55. Kd2 Nd5 56. e3 Nf6 57. Ncd3+ Kd5 58. Ne5 Kc5 59. Nfd3+ Kd5 60. Nb4+ Kc5 61. Na2 Ne4+ 62. Kc2 Nd6 63. Nc3 Be8 64. Nd3+ Kb6 65. Kd2 Bc6 66. h4 Bg2 67. Ke2 Bb7 68. Na4+ Kb5 69. Nc3+ (69. Ndc5 $1 $18) 69... Kb6 70. Kd2 Bg2 $1 71. Na4+ Kc6 72. Ne5+ Kb5 73. Kc2 Ne8 74. Nc3+ Kc5 75. Nd3+ Kd6 76. b4 $1 Nf6 {[#]} 77. Ne5 $1 Bf1 78. Kd2 h5 79. Nd3 Bg2 80. b5 (80. Nb5+ $142 Ke7 81. Ne5) 80... Ng4 (80... Bf1 $16) 81. Na4 $18 Nf6 $2 {[#]} (81... Be4 82. b6 Bd5) 82. Kc3 $1 Ne4+ 83. Kd4 Nd2 84. Ne5 Nb3+ 85. Kc3 Nc1 86. Kb4 Kc7 87. b6+ Kb7 88. Kb5 Bf1+ 89. Kc5 Ne2 90. Kd6 Ng3 91. Nd7 {Nac5+ would kill now.} Bg2 92. Nac5+ Kc8 93. Kxe6 Nf1 94. e4 {White mates.} Bxe4 95. Nxe4 fxe4 96. Nc5 Nd2 97. Kd5 {Accuracy: White = 89%, Black = 49%.} 1-0